| 000 | 00583nam a2200181 i 4500 | ||
|---|---|---|---|
| 001 | 101068 | ||
| 003 | ES-MaACL | ||
| 005 | 20230906182820.0 | ||
| 007 | t| | ||
| 008 | 051011s1973 sp ||||1| spa d | ||
| 100 | 1 |
_aMauco, Georges. _979180 |
|
| 245 | 1 | 3 |
_aLa paternidad _b: su función educadora en la familia y en la escuela / _cGeorges Mauco; traducción del francés por D. Eloy Requena. |
| 260 |
_aMadrid : _bStudium, _c1973. |
||
| 300 |
_a166 p. ; _c21 cm. |
||
| 650 | 0 | 4 |
_aPadres e hijos. _915785 |
| 700 | 1 |
_aRequena, Eloy. _996289 |
|
| 852 |
_aES-MaACL _jC-55477 _bR.88205 |
||
| 999 |
_c101068 _d101068 |
||